|
|
|
|
| LEADER |
00000cam a2200000 7i4500 |
| 001 |
0000000110 |
| 005 |
20000704.0 |
| 020 |
0 |
0 |
|a 9676555614
|
| 090 |
0 |
0 |
|a MR423.03
|b HAW 1997
|
| 100 |
0 |
0 |
|a HAWKINS
|h Joyce M.
|
| 245 |
1 |
0 |
|a Kamus dwibahasa Oxford Fajar :
|b Inggeris - Melayu = Melayu - Inggeris
|c Joyce M. Hawkins
|
| 250 |
0 |
0 |
|a 2nd ed.
|
| 260 |
0 |
0 |
|a Shah Alam, Selangor :
|b Fajar Bakti ,
|c 1997
|
| 300 |
|
|
|a 218 p. ;
|c 23 cm.
|
| 650 |
0 |
0 |
|a English language
|x Dictionaries
|x Malay
|
| 650 |
0 |
0 |
|a Malay language
|x Dictionaries
|x English
|
| 999 |
|
|
|a 0000001264
|b Monograph
|c Reference
|e Default branch
|